000 02140nam0a2200385 4500
001 RU\NLR\BIBL_A\012456810
005 20210311154157.0
010 _a978-5-00148-124-9
_9100
021 _aRU
_bКН-П-20-064582
_9КН-П-20-4849
035 _a(NLR Aleph) 012456810
035 _a(RuMoRGB)010451610
090 _a12003869
_c12003869
100 _a20210218d2020 u y0rusy50 ca
101 0 _arus
102 _aRU
105 _aa j 000zy
181 0 _ai
_baxxe
182 0 _an
200 1 _aТеоретическая механика. Динамика
_eучебное пособие
_e[для студентов очной и заочной форм обучения технических специальностей]
_fСибирский государственный университет путей сообщения
_g[Зиновьев Вадимир Борисович и др.
_gответственный редактор: д-р техн. наук, проф. А. М. Попов]
203 _aТекст
_bвизуальный
_cнепосредственный
210 _aНовосибирск
_cИзд-во Сибирского государственного университета путей сообщения
_d2020
215 _a111, [2] с.
_cил., табл.
_d21
320 _aБиблиогр.: с. 100 (11 назв.)
517 1 _aДинамика
606 1 _aДинамика
_jУчебные издания для высших учебных заведений
_2nlr_sh1
_2nlr_sh2
_3RU\NLR\AUTH\6644039
686 1 _aВ236я73-1
702 1 _aЗиновьев
_bВ. Б.
_gВладимир Борисович
_4220
702 1 _aПопов
_bА. М.
_cд-р техн. наук, теорет. механика
_gАнатолий Михайлович
_3RU\NLR\AUTH\7719501
_4340
712 0 2 _aСибирский государственный университет путей сообщения
_cНовосибирск
_3RU\NLR\AUTH\8810006495
_4475
942 _cBOOK
980 _aNBR
980 _aNB